| 000 | 01089cab a22002174i 4500 | ||
|---|---|---|---|
| 001 | 768714001 | ||
| 003 | CO-MdFUSB | ||
| 005 | 20230111115419.0 | ||
| 008 | 180716s2003 gt ||||| |||| 00| 0 spa d | ||
| 022 | _a1014-9341 | ||
| 040 |
_aCO-MdFUSB _bspa _cCO-MdFUSB _dCO-MdFUSB |
||
| 041 | _aspa | ||
| 100 | 1 |
_aSywulka, Pablo _eautor |
|
| 245 | 1 | 0 |
_aDimensiones olvidadas del evangelio : _bel evangelio del Cristo exaltado _c/ Pablo Sywulka |
| 300 |
_aNúmero 32 (Enero -Junio, 2003), páginas 27-37 _c; 22 cm |
||
| 520 | _aEn nuestra proclamación del evangelio, muchas veces pasamos por alto la verdad de que Jesús ha sido exaltado como Señor. Sin embargo, el anuncio de que Jesús es Señor exaltado constituye un aspecto importante del evangelio, y tiene profundas implicaciones para nuestra salvación, nuestro servicio y nuestra esperanza. | ||
| 650 | 7 |
_9239 _aCristología |
|
| 773 | 0 |
_tKairós _049489 _961230 _gNúmero 32 (Enero -Junio, 2003), páginas 27-37 _qPágina 27 |
|
| 773 | 0 |
_tKairós _049489 _981318 _gNúmero 32 (Enero -Junio, 2003), páginas 27-37 _qPágina 27 |
|
| 942 | _cANA | ||
| 999 |
_c61443 _d61443 |
||